မင်ႇၵလႃႇသုတ်ႈပိၼ်ႇတႆးလႄႈတီႈပွင်ႇမၼ်းဢိၵ်ႇလူၺ်ႇလွင်ႈတူဝ်ပႃႇလိတႆး။ (Record no. 23867)
[ view plain ]
| 000 -LEADER | |
|---|---|
| fixed length control field | 00844nam a22002177a 4500 |
| 003 - CONTROL NUMBER IDENTIFIER | |
| control field | OSt |
| 005 - DATE AND TIME OF LATEST TRANSACTION | |
| control field | 20260128093710.0 |
| 008 - FIXED-LENGTH DATA ELEMENTS--GENERAL INFORMATION | |
| fixed length control field | 230412b ||||| |||| 00| 0 eng d |
| 040 ## - CATALOGING SOURCE | |
| Transcribing agency | Ost |
| 041 ## - LANGUAGE CODE | |
| Language code of text/sound track or separate title | Shan |
| 082 ## - DEWEY DECIMAL CLASSIFICATION NUMBER | |
| Classification number | 294.3823 |
| 245 ## - TITLE STATEMENT | |
| Title | မင်ႇၵလႃႇသုတ်ႈပိၼ်ႇတႆးလႄႈတီႈပွင်ႇမၼ်းဢိၵ်ႇလူၺ်ႇလွင်ႈတူဝ်ပႃႇလိတႆး။ |
| Statement of responsibility, etc. | ၸဝ်ႈၼၼ်ႇတဝမ်ႇသႃႇၽိပႃႇလ ပိၼ်ႇတႅမ်ႈ- |
| 260 ## - PUBLICATION, DISTRIBUTION, ETC. | |
| Date of publication, distribution, etc. | 2000 |
| 300 ## - PHYSICAL DESCRIPTION | |
| Extent | တ၊ 262 ၼႃႈ |
| Dimensions | 19 ၸိၼ်ႇထီႇ |
| 500 ## - GENERAL NOTE | |
| General note | S-SAT: Dr. Prof Sai Aung Tun |
| 504 ## - BIBLIOGRAPHY, ETC. NOTE | |
| Bibliography, etc. note | ပႃးသဵၼ်ႈၽိုၼ်ဢိင် |
| 650 ## - SUBJECT ADDED ENTRY--TOPICAL TERM | |
| Topical term or geographic name entry element | သုတ်ႉတၼ်ႇတ |
| 942 ## - ADDED ENTRY ELEMENTS (KOHA) | |
| Koha item type | Books (Long term) |
| 650 ## - SUBJECT ADDED ENTRY--TOPICAL TERM | |
| 9 (RLIN) | 22892 |
| Source of classification or shelving scheme | |
| Source of classification or shelving scheme | |
| Withdrawn status | Lost status | Source of classification or shelving scheme | Damaged status | Not for loan | Collection Code | Permanent Location | Current Location | Shelving location | Date acquired | Total Checkouts | Full call number | Barcode | Date last seen | Date last checked out | Copy number | Price effective from | Koha item type | Accession | Total Renewals |
|---|---|---|---|---|---|---|---|---|---|---|---|---|---|---|---|---|---|---|---|
| Tai Collection | Shan State Buddhist University Library | Shan State Buddhist University Library | Tai Shelves | 12/04/2023 | 4 | 294.3823 မင်ႇ ႓႖(1) | SH00000036 | 28/01/2026 | 15/01/2026 | 1 | 12/04/2023 | Books (Long term) | ႓႖(1) | ||||||
| Tai Collection | Shan State Buddhist University Library | Shan State Buddhist University Library | Tai Shelves | 12/04/2023 | 5 | 294.3823 မင်ႇ ႓႒႔(2) | SH00000324 | 19/03/2025 | 10/02/2025 | 2 | 12/04/2023 | Books (Long term) | ႓႒႔(2) | 2 | |||||
| Tai Collection | Shan State Buddhist University Library | Shan State Buddhist University Library | Tai Shelves | 12/04/2023 | 6 | 294.3823 မင်ႇ ႔႐႑(3) | SH00000401 | 30/01/2025 | 03/01/2025 | 3 | 12/04/2023 | Books (Long term) | ႔႐႑(3) | 1 | |||||
| Tai Collection | Shan State Buddhist University Library | Shan State Buddhist University Library | Special Collection Shelves | 12/04/2023 | 294.3823 မင်ႇ ႑႗႒႘ S-SAT | SH00001728 | 12/04/2023 | 4 | 12/04/2023 | Book (Short term) | ႑႗႒႘ S-SAT |